[Event "Titled Tuesday intern op 21st Jan Late"]
[Site "Chess.com INT"]
[Date "2025.01.21"]
[Round "1"]
[White "Morefield, Jason P"]
[Black "Provotorov, Alexandr P"]
[Result "1-0"]
[WhiteElo "2233"]
[BlackElo "2212"]
[PlyCount "43"]
[EventDate "2025.01.21"]
[EventType "swiss (blitz)"]
[EventRounds "11"]
[EventCountry "USA"]
[SourceTitle "CB05_2025"]
[SourceDate "2025.01.29"]
[SourceVersion "1"]
[SourceVersionDate "2025.01.29"]
[SourceQuality "1"]

1. e4 e5 2. Nf3 Nc6 3. Bb5 a6 4. Ba4 Nf6 5. 0-0 b5 6. Bb3 Bb7 7. d3 Be7 8. c3 0-0 9. Nbd2 d6 10. Re1 h6 11. Nf1 Re8 12. Ng3 Bf8 13. a3 d5 14. exd5 Nxd5 15. d4 Nf4 16. Nxe5 Nxg2 17. Bxf7+ Kh8 18. Ng6+ Kh7 19. Rxe8 Qxe8 20. Bxe8 Rxe8 21. Nxf8+ Rxf8 22. d5 1-0

[Event "Titled Tuesday intern op 06th Aug Late"]
[Site "Chess.com INT"]
[Date "2024.08.06"]
[Round "5"]
[White "Anton Guijarro, David"]
[Black "Morefield, Jason P"]
[Result "1-0"]
[WhiteElo "2669"]
[BlackElo "2209"]
[PlyCount "59"]
[EventDate "2024.08.06"]
[EventType "swiss (blitz)"]
[EventRounds "11"]
[EventCountry "USA"]
[SourceTitle "EXT 2025"]
[Source "ChessBase"]
[SourceDate "2024.10.14"]
[SourceVersion "1"]
[SourceVersionDate "2024.10.14"]
[SourceQuality "1"]

1. d4 Nf6 2. Nf3 d5 3. e3 c5 4. Bb5+ Bd7 5. Be2 e6 6. 0-0 Nc6 7. b3 cxd4 8. exd4 Bd6 9. Bb2 0-0 10. a3 Rc8 11. Bd3 Ne4 12. c4 b6 13. Nc3 Nxc3 14. Bxc3 dxc4 15. bxc4 Ne7 16. Qe2 Nd5 17. Bd2 Nf6 18. Ne5 Ba4 19. Bg5 Be7 20. Qe3 Nd7 21. Qh3 f5 22. Bxe7 Qxe7 23. Rfe1 Nxe5 24. Rxe5 Rcd8 25. d5 Qf6 26. Rae1 exd5 27. Rxf5 Qh6 28. Rh5 Qd2 29. Bxh7+ Kf7 30. Rf5# 1-0

[Event "Titled Tuesday intern op 06th Aug Late"]
[Site "Chess.com INT"]
[Date "2024.08.06"]
[Round "7"]
[White "Beulen, Marcel"]
[Black "Morefield, Jason P"]
[Result "0-1"]
[WhiteElo "2359"]
[BlackElo "2209"]
[PlyCount "64"]
[EventDate "2024.08.06"]
[EventType "swiss (blitz)"]
[EventRounds "11"]
[EventCountry "USA"]
[SourceTitle "EXT 2025"]
[Source "ChessBase"]
[SourceDate "2024.10.14"]
[SourceVersion "1"]
[SourceVersionDate "2024.10.14"]
[SourceQuality "1"]

1. e4 d6 2. d4 Nf6 3. Nc3 g6 4. Be3 c6 5. Qd2 Nbd7 6. h3 Qc7 7. f4 e5 8. Nf3 b5 9. Bd3 b4 10. Ne2 exd4 11. Nexd4 Bb7 12. 0-0 a6 13. e5 Nd5 14. e6 Nc5 15. exf7+ Qxf7 16. Rae1 0-0-0 17. f5 Nxe3 18. Qxe3 Nxd3 19. Qxd3 gxf5 20. Ne6 Rd7 21. Nfg5 Qg6 22. Qd4 Bg7 23. Nxg7 c5 24. Qf4 Rxg7 25. h4 h6 26. Re6 Qxe6 27. Nxe6 Rxg2+ 28. Kh1 Rxc2+ 29. Kg1 Rg8+ 30. Ng5 Rg2+ 31. Kh1 Rf2+ 32. Kg1 Rxf4 0-1

[Event "Titled Tuesday intern op 06th Aug Late"]
[Site "Chess.com INT"]
[Date "2024.08.06"]
[Round "6"]
[White "Morefield, Jason P"]
[Black "Latorre, Vincent"]
[Result "1-0"]
[WhiteElo "2209"]
[BlackElo "2166"]
[PlyCount "76"]
[EventDate "2024.08.06"]
[EventType "swiss (blitz)"]
[EventRounds "11"]
[EventCountry "USA"]
[SourceTitle "EXT 2025"]
[Source "ChessBase"]
[SourceDate "2024.10.14"]
[SourceVersion "1"]
[SourceVersionDate "2024.10.14"]
[SourceQuality "1"]

1. b3 e5 2. Bb2 Nc6 3. e3 Nf6 4. c4 Be7 5. Nc3 d6 6. g3 0-0 7. Bg2 Be6 8. Nge2 d5 9. cxd5 Nxd5 10. 0-0 f5 11. d4 e4 12. Nxd5 Bxd5 13. Nf4 Bf7 14. a3 Bf6 15. f3 exf3 16. Bxf3 Qd7 17. b4 a6 18. Rc1 Rae8 19. Qd2 Re7 20. Nd3 Bg5 21. Rfe1 Rfe8 22. Nc5 Qc8 23. Rc3 Nd8 24. h4 Bh6 25. d5 b6 26. Nb3 Nb7 27. Nd4 Nd6 28. Nc6 Re4 29. Bxe4 Nxe4 30. Qd4 Nxc3 31. Bxc3 Qd7 32. e4 fxe4 33. Rxe4 Rxe4 34. Qxe4 Kf8 35. Qxh7 Qxd5 36. Ne5 Qd1+ 37. Kf2 Qc2+ 38. Qxc2 Bc4 1-0

[Event "Titled Tuesday intern op 06th Aug Late"]
[Site "Chess.com INT"]
[Date "2024.08.06"]
[Round "1"]
[White "Morefield, Jason P"]
[Black "Shamsi, Mohammadhossein"]
[Result "1-0"]
[WhiteElo "2209"]
[BlackElo "2217"]
[PlyCount "81"]
[EventDate "2024.08.06"]
[EventType "swiss (blitz)"]
[EventRounds "11"]
[EventCountry "USA"]
[SourceTitle "EXT 2025"]
[Source "ChessBase"]
[SourceDate "2024.10.14"]
[SourceVersion "1"]
[SourceVersionDate "2024.10.14"]
[SourceQuality "1"]

1. Nf3 Nf6 2. g3 g6 3. Bg2 Bg7 4. 0-0 0-0 5. c4 c6 6. d4 d5 7. Nbd2 Nbd7 8. b3 Re8 9. Bb2 Ne4 10. Nxe4 dxe4 11. Ng5 Nf6 12. Nxe4 Nxe4 13. Bxe4 c5 14. e3 Bh3 15. Bg2 Bxg2 16. Kxg2 Qd7 17. Qd2 e6 18. Rad1 Rad8 19. Qe2 cxd4 20. exd4 b5 21. cxb5 Qd5+ 22. Kg1 Rb8 23. Qc4 Rec8 24. Qxd5 exd5 25. a4 Rc2 26. Ba3 Rc3 27. Bc5 Rb7 28. b4 Ra3 29. Rfe1 h5 30. Ra1 Rd3 31. Red1 Rc3 32. h4 Bh6 33. Kf1 Rc2 34. Re1 Kg7 35. Re5 Rd7 36. a5 f6 37. Re7+ Rxe7 38. Bxe7 Rc4 39. Bc5 Bd2 40. b6 axb6 41. axb6 1-0

[Event "Titled Tuesday intern op 30th Jul Late"]
[Site "Chess.com INT"]
[Date "2024.07.30"]
[Round "1"]
[White "Morefield, Jason P"]
[Black "Meruga, Shanmukha R"]
[Result "1-0"]
[WhiteElo "2209"]
[BlackElo "1998"]
[PlyCount "131"]
[EventDate "2024.07.30"]
[EventType "swiss (blitz)"]
[EventRounds "11"]
[EventCountry "USA"]
[SourceTitle "EXT 2025"]
[Source "ChessBase"]
[SourceDate "2024.10.14"]
[SourceVersion "1"]
[SourceVersionDate "2024.10.14"]
[SourceQuality "1"]

1. e4 e6 2. d4 d5 3. e5 c5 4. c3 Bd7 5. Nf3 Qb6 6. Be2 Bb5 7. 0-0 Bxe2 8. Qxe2 Nc6 9. Rd1 cxd4 10. cxd4 Nge7 11. Na3 Nf5 12. Nc2 Be7 13. b3 0-0 14. Bb2 Rfc8 15. Rac1 Rc7 16. g4 Nh4 17. Nxh4 Bxh4 18. Ne3 Bg5 19. Rc3 Bxe3 20. Qxe3 Rac8 21. Rdc1 Nb4 22. a3 Rxc3 23. Rxc3 Rxc3 24. Qxc3 Nc6 25. Kg2 h6 26. h3 Qb5 27. a4 Qe2 28. b4 Qe4+ 29. Kg3 h5 30. b5 Ne7 31. Bc1 Ng6 32. Bg5 hxg4 33. hxg4 Qh1 34. Qc8+ Kh7 35. Qxb7 Qg1+ 36. Kf3 Qd1+ 37. Kg3 Qd3+ 38. f3 Qxd4 39. Qxf7 Qxe5+ 40. Bf4 Qe1+ 41. Kg2 Qe2+ 42. Kg3 e5 43. Bg5 Qe1+ 44. Kg2 Qe2+ 45. Kg3 e4 46. fxe4 dxe4 47. Qxa7 Qd3+ 48. Kh2 Qe2+ 49. Kh3 Qf3+ 50. Kh2 Qxg4 51. Qe3 Ne5 52. Qh3+ Qxh3+ 53. Kxh3 Kg6 54. Be3 Nc4 55. Bd4 Kf5 56. b6 Nd6 57. a5 Ke6 58. a6 Nf5 59. a7 Nxd4 60. a8Q Ke5 61. b7 e3 62. b8Q+ Kf5 63. Qd5+ Kg6 64. Qxd4 e2 65. Qg3+ Kh7 66. Qdxg7# 1-0

[Event "Titled Tuesday intern op 16th Jul Late"]
[Site "Chess.com INT"]
[Date "2024.07.16"]
[Round "7"]
[White "Morefield, Jason P"]
[Black "Drozdowski, Kacper"]
[Result "0-1"]
[WhiteElo "2209"]
[BlackElo "2448"]
[PlyCount "92"]
[EventDate "2024.07.16"]
[EventType "swiss (blitz)"]
[EventRounds "11"]
[EventCountry "USA"]
[SourceTitle "EXT 2025"]
[Source "ChessBase"]
[SourceDate "2024.10.14"]
[SourceVersion "1"]
[SourceVersionDate "2024.10.14"]
[SourceQuality "1"]

1. e4 c5 2. Nf3 e6 3. d4 cxd4 4. Nxd4 Nc6 5. Nc3 Qc7 6. Be3 a6 7. a3 Nf6 8. f4 d6 9. Nxc6 bxc6 10. Bd3 Rb8 11. b3 d5 12. 0-0 Be7 13. Kh1 a5 14. e5 Nd7 15. Na4 c5 16. c4 d4 17. Bd2 Bb7 18. Qe1 Ra8 19. Nb2 g6 20. Be4 Bxe4 21. Qxe4 Rb8 22. Rf3 0-0 23. Raf1 Qb7 24. Qe2 Rfe8 25. Nd1 a4 26. bxa4 Qb1 27. Nf2 Qa2 28. Ne4 Nb6 29. Rc1 Nxa4 30. Qf2 Rb1 31. Qe1 Reb8 32. Rf1 R1b2 33. Rf2 Rc2 34. Rxc2 Qxc2 35. Rf1 Qxc4 36. Nf6+ Bxf6 37. exf6 Nc3 38. Rg1 Rb1 39. Qh4 Rxg1+ 40. Kxg1 Ne4 41. Qh6 Nxf6 42. f5 Qe2 43. h3 exf5 44. Qg5 Ne4 45. Qd8+ Kg7 46. Bg5 Nxg5 0-1

[Event "Titled Tuesday intern op 16th Jul Late"]
[Site "Chess.com INT"]
[Date "2024.07.16"]
[Round "5"]
[White "Morefield, Jason P"]
[Black "Reprintsev, Alexander"]
[Result "1/2-1/2"]
[WhiteElo "2209"]
[BlackElo "2230"]
[PlyCount "121"]
[EventDate "2024.07.16"]
[EventType "swiss (blitz)"]
[EventRounds "11"]
[EventCountry "USA"]
[SourceTitle "EXT 2025"]
[Source "ChessBase"]
[SourceDate "2024.10.14"]
[SourceVersion "1"]
[SourceVersionDate "2024.10.14"]
[SourceQuality "1"]

1. d4 d5 2. c4 e5 3. dxe5 d4 4. Nf3 Nc6 5. g3 Nge7 6. Nbd2 Ng6 7. Nb3 Ngxe5 8. Nxe5 Nxe5 9. Qxd4 Qxd4 10. Nxd4 Bb4+ 11. Bd2 Bxd2+ 12. Kxd2 Nxc4+ 13. Kc3 Nd6 14. Bg2 Bd7 15. b3 0-0-0 16. Rac1 Rhe8 17. Rhe1 f5 18. Kb2 Kb8 19. e3 Ne4 20. f3 Nf6 21. Rc5 g6 22. e4 b6 23. Nc6+ Bxc6 24. Rxc6 Rd2+ 25. Rc2 Rxc2+ 26. Kxc2 fxe4 27. fxe4 Nd7 28. Rf1 Ne5 29. b4 Kb7 30. Kc3 c5 31. bxc5 bxc5 32. Rf6 Re7 33. a4 a5 34. h3 Rd7 35. Bf1 Rd4 36. Re6 Nc6 37. Bc4 Nb4 38. e5 Rd1 39. Re7+ Kc8 40. Bb5 Rc1+ 41. Kb2 Re1 42. e6 Nd5 43. Rxh7 Nc7 44. Bd7+ Kd8 45. Kc3 Nxe6 46. Bxe6 Rxe6 47. Ra7 Re3+ 48. Kc4 Rxg3 49. Kxc5 Rxh3 50. Kd6 Rd3+ 51. Ke6 Re3+ 52. Kf6 g5 53. Rxa5 g4 54. Rg5 g3 55. a5 Kc7 56. a6 Kb6 57. Kf5 Ra3 58. Kf4 Rxa6 59. Rg6+ Kb5 60. Rxa6 Kxa6 61. Kxg3 1/2-1/2

[Event "Titled Tuesday intern op 16th Jul Late"]
[Site "Chess.com INT"]
[Date "2024.07.16"]
[Round "10"]
[White "Slovineanu, Viacheslav"]
[Black "Morefield, Jason P"]
[Result "0-1"]
[WhiteElo "2412"]
[BlackElo "2209"]
[PlyCount "44"]
[EventDate "2024.07.16"]
[EventType "swiss (blitz)"]
[EventRounds "11"]
[EventCountry "USA"]
[SourceTitle "EXT 2025"]
[Source "ChessBase"]
[SourceDate "2024.10.14"]
[SourceVersion "1"]
[SourceVersionDate "2024.10.14"]
[SourceQuality "1"]

1. d4 Nf6 2. Nf3 g6 3. Nbd2 Bg7 4. e4 0-0 5. e5 Ne8 6. h4 c5 7. h5 cxd4 8. hxg6 hxg6 9. Bd3 d6 10. Nc4 dxe5 11. Bh6 Bg4 12. Qd2 Bxf3 13. Bxg7 Nxg7 14. Qh6 Bh5 15. g4 Qd5 16. 0-0-0 e4 17. gxh5 g5 18. Rhg1 f6 19. Be2 Qf5 20. Rxd4 Qxf2 21. Rgd1 Qxe2 22. Qg6 Qxh5 0-1

[Event "Titled Tuesday intern op 09th Jul Late"]
[Site "Chess.com INT"]
[Date "2024.07.09"]
[Round "8"]
[White "Kalavannan, Koby"]
[Black "Morefield, Jason P"]
[Result "1-0"]
[WhiteElo "2265"]
[BlackElo "2209"]
[PlyCount "75"]
[EventDate "2024.07.09"]
[EventType "swiss (blitz)"]
[EventRounds "11"]
[EventCountry "USA"]
[SourceTitle "EXT 2025"]
[Source "ChessBase"]
[SourceDate "2024.10.14"]
[SourceVersion "1"]
[SourceVersionDate "2024.10.14"]
[SourceQuality "1"]

1. d4 Nf6 2. c4 b6 3. Nf3 Bb7 4. g3 g6 5. Bg2 Bg7 6. 0-0 0-0 7. Nc3 e6 8. d5 exd5 9. cxd5 Re8 10. Nd4 c6 11. e4 cxd5 12. exd5 Na6 13. Bf4 Nh5 14. Bd6 Qf6 15. Ndb5 Bf8 16. Ne4 Qxb2 17. Rb1 Qg7 18. Bxf8 Rxf8 19. Ned6 Nc5 20. Nxb7 Nxb7 21. d6 Rab8 22. Nxa7 Nc5 23. Re1 Qf6 24. Nb5 Ng7 25. Nc7 Nf5 26. Nd5 Qxd6 27. g4 Kh8 28. gxf5 gxf5 29. Qd4+ f6 30. Re7 Ne4 31. Bxe4 fxe4 32. Qxe4 Rg8+ 33. Kf1 Qxh2 34. Ke2 Qh5+ 35. Qf3 Qg6 36. Rh1 Qc2+ 37. Ke1 Rbe8 38. Qxf6+ 1-0

[Event "Titled Tuesday intern op 09th Jul Late"]
[Site "Chess.com INT"]
[Date "2024.07.09"]
[Round "4"]
[White "Morefield, Jason P"]
[Black "Chigaev, Maksim"]
[Result "0-1"]
[WhiteElo "2209"]
[BlackElo "2623"]
[PlyCount "64"]
[EventDate "2024.07.09"]
[EventType "swiss (blitz)"]
[EventRounds "11"]
[EventCountry "USA"]
[SourceTitle "EXT 2025"]
[Source "ChessBase"]
[SourceDate "2024.10.14"]
[SourceVersion "1"]
[SourceVersionDate "2024.10.14"]
[SourceQuality "1"]

1. d4 Nf6 2. c4 g6 3. Nf3 Bg7 4. Nc3 0-0 5. e4 d6 6. Be2 e5 7. Be3 exd4 8. Nxd4 Re8 9. f3 c6 10. Bf2 d5 11. exd5 cxd5 12. 0-0 Nc6 13. c5 Nh5 14. Qd2 Be5 15. g3 Ng7 16. Rfd1 Bf5 17. Rac1 Rc8 18. Ncb5 h5 19. b4 h4 20. g4 Bd7 21. Nd6 Nxd4 22. Bxd4 Bxd4+ 23. Qxd4 Rxe2 24. Nxc8 Qxc8 25. Qxd5 Bc6 26. Qd3 Qe8 27. Rd2 Re1+ 28. Rxe1 Qxe1+ 29. Kg2 Ne6 30. Qd6 h3+ 31. Kxh3 Ng5+ 32. Kg2 Bxf3# 0-1

[Event "Titled Tuesday intern op 09th Jul Late"]
[Site "Chess.com INT"]
[Date "2024.07.09"]
[Round "2"]
[White "Plotnikov, Pavel"]
[Black "Morefield, Jason P"]
[Result "0-1"]
[WhiteElo "2297"]
[BlackElo "2209"]
[PlyCount "136"]
[EventDate "2024.07.09"]
[EventType "swiss (blitz)"]
[EventRounds "11"]
[EventCountry "USA"]
[SourceTitle "EXT 2025"]
[Source "ChessBase"]
[SourceDate "2024.10.14"]
[SourceVersion "1"]
[SourceVersionDate "2024.10.14"]
[SourceQuality "1"]

1. e4 d6 2. d4 Nf6 3. Nc3 g6 4. Be2 Bg7 5. h4 h5 6. Nh3 Nbd7 7. Ng5 c5 8. Be3 cxd4 9. Bxd4 0-0 10. Qd2 a6 11. a4 Qc7 12. f3 Ne5 13. a5 Nc4 14. Bxc4 Qxc4 15. Ra4 Qc6 16. Rb4 Be6 17. 0-0 Rac8 18. Rb6 Qc7 19. Ra1 Rfd8 20. Ra4 d5 21. Nxe6 fxe6 22. e5 Nd7 23. f4 Nxb6 24. Bxb6 Qc6 25. Bxd8 Rxd8 26. Qd4 Bh6 27. g3 Rc8 28. Rb4 Bf8 29. Rb6 Qd7 30. Qd3 Kf7 31. Ne2 Rc5 32. Nd4 Rc4 33. b3 Rxd4 34. Qxd4 Qc7 35. c4 dxc4 36. Qxc4 Qd7 37. Qe4 Qd1+ 38. Kf2 Qd2+ 39. Kf3 Qd1+ 40. Qe2 Qh1+ 41. Ke3 Qg1+ 42. Kd2 Qxg3 43. Qe3 Qxh4 44. Rxb7 Qh2+ 45. Kc3 Qg2 46. Rb8 h4 47. Qd3 Qc6+ 48. Kb2 Qg2+ 49. Ka3 Qg1 50. Qd8 Qa1+ 51. Kb4 Qe1+ 52. Kc5 Qc3+ 53. Kb6 Qxb3+ 54. Ka7 Qe3+ 55. Ka8 Qe4+ 56. Ka7 Qe3+ 57. Qb6 Qxf4 58. Qxa6 Qxe5 59. Qb6 Bh6 60. Qd8 Be3+ 61. Ka6 Qd6+ 62. Qxd6 exd6 63. Rh8 g5 64. Kb7 Kg7 65. Rc8 h3 66. Rc3 h2 67. Rc7+ Kg6 68. Rc1 Bxc1 0-1

[Event "Titled Tuesday intern op 09th Jul Late"]
[Site "Chess.com INT"]
[Date "2024.07.09"]
[Round "7"]
[White "Tokman, Ariel"]
[Black "Morefield, Jason P"]
[Result "0-1"]
[WhiteElo "2380"]
[BlackElo "2209"]
[PlyCount "48"]
[EventDate "2024.07.09"]
[EventType "swiss (blitz)"]
[EventRounds "11"]
[EventCountry "USA"]
[SourceTitle "EXT 2025"]
[Source "ChessBase"]
[SourceDate "2024.10.14"]
[SourceVersion "1"]
[SourceVersionDate "2024.10.14"]
[SourceQuality "1"]

1. d4 Nf6 2. c3 b6 3. Nf3 Bb7 4. g3 g6 5. Bg2 Bg7 6. 0-0 0-0 7. a4 d6 8. a5 b5 9. Bg5 a6 10. Nbd2 c5 11. Bxf6 Bxf6 12. b4 cxb4 13. cxb4 Nc6 14. Ne4 Nxb4 15. Nxf6+ exf6 16. Qd2 Nc6 17. h4 h5 18. Qh6 Nxa5 19. Rxa5 Qxa5 20. Ng5 fxg5 21. Bxb7 b4 22. Be4 Qc7 23. Qxg5 Rae8 24. Rc1 Qe7 0-1

[Event "Titled Tuesday intern op 03rd Oct Early"]
[Site "Chess.com INT"]
[Date "2023.10.03"]
[Round "4"]
[White "Morefield, Jason P"]
[Black "Toman, Ondrej"]
[Result "1-0"]
[WhiteElo "2226"]
[BlackElo "2283"]
[PlyCount "83"]
[EventDate "2023.10.03"]
[EventType "swiss (blitz)"]
[EventRounds "11"]
[EventCountry "USA"]
[SourceTitle "EXT 2025"]
[Source "ChessBase"]
[SourceDate "2024.10.14"]
[SourceVersion "1"]
[SourceVersionDate "2024.10.14"]
[SourceQuality "1"]

1. e4 c6 2. Nf3 d5 3. Nc3 Bg4 4. h3 Bxf3 5. Qxf3 e6 6. Be2 Nf6 7. 0-0 Be7 8. Rd1 dxe4 9. Nxe4 Nbd7 10. d4 Nxe4 11. Qxe4 Nf6 12. Qd3 0-0 13. a4 Qd5 14. Bf3 Qf5 15. Qxf5 exf5 16. Bf4 Rad8 17. Rd3 Nd5 18. Bd2 Rd7 19. a5 a6 20. Re1 Bf6 21. c4 Nc7 22. Bb4 Rfd8 23. d5 cxd5 24. Bxd5 Nxd5 25. Rxd5 Rxd5 26. cxd5 Bxb2 27. d6 f6 28. Re7 Be5 29. d7 Bc7 30. Kf1 h5 31. Ke2 Kh7 32. Kd3 b6 33. axb6 Bxb6 34. f3 Kg6 35. Kc4 f4 36. Kd5 a5 37. Ba3 Ra8 38. Re8 Bd8 39. Be7 a4 40. Rxd8 Rxd8 41. Bxd8 a3 42. Ba5 1-0

[Event "Titled Tuesday intern op 29th Aug Early"]
[Site "Chess.com INT"]
[Date "2023.08.29"]
[Round "2"]
[White "Perez de Miguel, Alvaro"]
[Black "Morefield, Jason P"]
[Result "0-1"]
[WhiteElo "2276"]
[BlackElo "2226"]
[PlyCount "68"]
[EventDate "2023.08.29"]
[EventType "swiss (blitz)"]
[EventRounds "11"]
[EventCountry "USA"]
[SourceTitle "EXT 2024"]
[Source "ChessBase"]
[SourceDate "2023.10.10"]
[SourceVersion "1"]
[SourceVersionDate "2023.10.10"]
[SourceQuality "1"]

1. d4 Nf6 2. Nf3 d5 3. c4 c6 4. Nc3 e6 5. e3 Nbd7 6. Bd3 dxc4 7. Bxc4 b5 8. Be2 Bd6 9. e4 e5 10. 0-0 0-0 11. Bg5 Qc7 12. dxe5 Nxe5 13. Bxf6 gxf6 14. Nd4 Rd8 15. Qc1 Ng6 16. g3 Bh3 17. Rd1 Be5 18. Nf3 Rxd1+ 19. Bxd1 Rd8 20. Qh6 Be6 21. Rc1 Bxc3 22. bxc3 Bxa2 23. Nd4 Qd6 24. Ra1 Be6 25. Be2 Rd7 26. Ra6 Qf8 27. Qe3 Ne5 28. Qf4 Qd8 29. Nxc6 Nxc6 30. Rxc6 Bh3 31. f3 Rd1+ 32. Kf2 Rd2 33. Qe3 Be6 34. Ra6 Bc4 0-1

[Event "Titled Tuesday intern op 29th Aug Early"]
[Site "Chess.com INT"]
[Date "2023.08.29"]
[Round "7"]
[White "Spichkin, Alexander"]
[Black "Morefield, Jason P"]
[Result "0-1"]
[WhiteElo "2052"]
[BlackElo "2226"]
[PlyCount "40"]
[EventDate "2023.08.29"]
[EventType "swiss (blitz)"]
[EventRounds "11"]
[EventCountry "USA"]
[SourceTitle "EXT 2024"]
[Source "ChessBase"]
[SourceDate "2023.10.10"]
[SourceVersion "1"]
[SourceVersionDate "2023.10.10"]
[SourceQuality "1"]

1. f4 e5 2. e4 exf4 3. Nf3 Nf6 4. e5 Nh5 5. d4 g6 6. Bc4 Bg7 7. Nc3 0-0 8. 0-0 d6 9. Qe2 Nc6 10. a3 Bg4 11. Rd1 Bxf3 12. Qxf3 dxe5 13. dxe5 Nxe5 14. Qxb7 Qe7 15. Bf1 Qc5+ 16. Kh1 Ng4 17. Ne4 Ng3+ 18. Nxg3 Nf2+ 19. Kg1 Nh3+ 20. Kh1 Qg1# 0-1

[Event "Titled Tuesday intern op 22nd Aug Early"]
[Site "Chess.com INT"]
[Date "2023.08.22"]
[Round "10"]
[White "Morefield, Jason P"]
[Black "Harsh, Suresh"]
[Result "1-0"]
[WhiteElo "2226"]
[BlackElo "2324"]
[PlyCount "103"]
[EventDate "2023.08.22"]
[EventType "swiss (blitz)"]
[EventRounds "11"]
[EventCountry "USA"]
[SourceTitle "EXT 2024"]
[Source "ChessBase"]
[SourceDate "2023.10.10"]
[SourceVersion "1"]
[SourceVersionDate "2023.10.10"]
[SourceQuality "1"]

1. e4 g6 2. d4 Nf6 3. e5 Nh5 4. Be2 d6 5. exd6 Qxd6 6. Nc3 Nf6 7. Nb5 Qd8 8. c4 Bg7 9. Bf4 Na6 10. Nf3 0-0 11. h3 c6 12. Nc3 Qb6 13. Qd2 Be6 14. 0-0 Rad8 15. c5 Qa5 16. a3 Bb3 17. Qe3 Rd7 18. Nd2 Nd5 19. Nxb3 Nxe3 20. Nxa5 Nxf1 21. Bxa6 bxa6 22. Kxf1 Bxd4 23. Rd1 Rfd8 24. Nxc6 Bxc3 25. Rxd7 Rxd7 26. bxc3 f6 27. Nb8 Rd8 28. Nxa6 e5 29. Be3 Rc8 30. Ke2 Kf7 31. Kd3 Ke6 32. Kc4 f5 33. f3 h5 34. h4 Rc6 35. Nb4 Rc8 36. a4 f4 37. Bf2 Rg8 38. c6 g5 39. hxg5 Rxg5 40. Bxa7 Rxg2 41. Na6 h4 42. c7 Kd7 43. Bb6 h3 44. Nb8+ Kc8 45. Nc6 Kb7 46. Ne7 Rg8 47. Nxg8 h2 48. Ne7 h1Q 49. c8Q+ Kxb6 50. Nd5+ Ka7 51. Qc7+ Ka8 52. Nb6# 1-0

[Event "Titled Tuesday intern op 22nd Aug Early"]
[Site "Chess.com INT"]
[Date "2023.08.22"]
[Round "11"]
[White "Morefield, Jason P"]
[Black "Zhenetl, Roman"]
[Result "1-0"]
[WhiteElo "2226"]
[BlackElo "2435"]
[PlyCount "101"]
[EventDate "2023.08.22"]
[EventType "swiss (blitz)"]
[EventRounds "11"]
[EventCountry "USA"]
[SourceTitle "EXT 2024"]
[Source "ChessBase"]
[SourceDate "2023.10.10"]
[SourceVersion "1"]
[SourceVersionDate "2023.10.10"]
[SourceQuality "1"]

1. e4 e6 2. d4 d5 3. Nc3 Bb4 4. e5 c5 5. a3 Bxc3+ 6. bxc3 Nc6 7. Qg4 g6 8. h4 h6 9. h5 g5 10. f4 f5 11. Qg3 g4 12. dxc5 Qa5 13. Bd2 Nge7 14. Bd3 b6 15. c4 Qa4 16. Ne2 dxc4 17. Nc3 Qa6 18. Be2 Nd4 19. 0-0 Bb7 20. Rfb1 Nxc2 21. Nb5 0-0 22. Bxc4 Nxa1 23. Nd6 Qa4 24. Bxe6+ Kh8 25. Bc3 Bd5 26. Bxd5 Nxd5 27. Bxa1 Qxf4 28. e6+ Kh7 29. Qd3 Qe3+ 30. Qxe3 Nxe3 31. e7 Rfe8 32. Nxe8 Rxe8 33. cxb6 axb6 34. Rxb6 Rxe7 35. Rb8 Rg7 36. a4 Nc4 37. Bxg7 Kxg7 38. Rb5 Kf6 39. a5 Nd6 40. Rb6 Ke5 41. a6 Nc4 42. Rxh6 f4 43. a7 f3 44. gxf3 gxf3 45. a8Q Kf4 46. Qb8+ Ne5 47. Rf6+ Kg4 48. Qxe5 Kh3 49. Rxf3+ Kg4 50. Rg3+ Kh4 51. Qg5# 1-0

[Event "Titled Tuesday intern op 22nd Aug Early"]
[Site "Chess.com INT"]
[Date "2023.08.22"]
[Round "4"]
[White "Seo, Jung Min"]
[Black "Morefield, Jason P"]
[Result "1-0"]
[WhiteElo "2466"]
[BlackElo "2226"]
[PlyCount "95"]
[EventDate "2023.08.22"]
[EventType "swiss (blitz)"]
[EventRounds "11"]
[EventCountry "USA"]
[SourceTitle "EXT 2024"]
[Source "ChessBase"]
[SourceDate "2023.10.10"]
[SourceVersion "1"]
[SourceVersionDate "2023.10.10"]
[SourceQuality "1"]

1. d4 Nf6 2. c4 e6 3. Nf3 d5 4. Nc3 c6 5. e3 Nbd7 6. Qc2 Bd6 7. Bd3 dxc4 8. Bxc4 b5 9. Bd3 Bb7 10. 0-0 Rc8 11. b3 0-0 12. Bb2 c5 13. Nxb5 cxd4 14. Qe2 Bxf3 15. gxf3 Ne5 16. Nxd4 Nd5 17. f4 Ng6 18. Rad1 Qh4 19. Bxg6 hxg6 20. Qf3 Rfd8 21. Qg3 Qh5 22. Qf3 Qxf3 23. Nxf3 Rc2 24. Rb1 Nb4 25. Nd4 Rc5 26. Ba3 a5 27. Rfd1 g5 28. Bxb4 axb4 29. fxg5 Rxg5+ 30. Kh1 Bf8 31. Nc6 Rxd1+ 32. Rxd1 Kh7 33. Rd7 Rc5 34. Rxf7 Kg8 35. Rc7 Rc1+ 36. Kg2 Kh7 37. Rc8 Bd6 38. Na7 Ra1 39. Rc2 Be5 40. Nb5 Bf6 41. Nd4 e5 42. Ne2 e4 43. Ng3 Bc3 44. Nxe4 Be1 45. f4 Kg6 46. Kf3 Kf5 47. Rc6 Rb1 48. Ng3+ 1-0

[Event "Titled Tuesday intern op 15th Aug Late"]
[Site "Chess.com INT"]
[Date "2023.08.15"]
[Round "4"]
[White "Mickiewicz, Piotr"]
[Black "Morefield, Jason P"]
[Result "1-0"]
[WhiteElo "2243"]
[BlackElo "2226"]
[PlyCount "99"]
[EventDate "2023.08.15"]
[EventType "swiss (blitz)"]
[EventRounds "11"]
[EventCountry "USA"]
[SourceTitle "EXT 2024"]
[Source "ChessBase"]
[SourceDate "2023.10.10"]
[SourceVersion "1"]
[SourceVersionDate "2023.10.10"]
[SourceQuality "1"]

1. d4 Nf6 2. c4 g6 3. Nc3 Bg7 4. e4 0-0 5. Be2 d6 6. Bg5 c5 7. d5 b5 8. cxb5 a6 9. bxa6 Bxa6 10. Nf3 Qa5 11. 0-0 Nbd7 12. Nd2 Rfb8 13. Rb1 Bxe2 14. Qxe2 h6 15. Bh4 Qa6 16. Qxa6 Rxa6 17. Rfc1 Ne5 18. Rc2 Nd3 19. a3 g5 20. Bg3 Nd7 21. Nc4 Nb6 22. Ne3 Na4 23. Nxa4 Rxa4 24. Nf5 Rxe4 25. f3 Ra4 26. Nxe7+ Kh7 27. Bxd6 Bd4+ 28. Kf1 Rb3 29. Nf5 Bxb2 30. Bxc5 Nxc5 31. Rxc5 Bxa3 32. Rxb3 Bxc5 33. Rc3 Ra1+ 34. Ke2 Ra2+ 35. Kd3 Bg1 36. g4 Bxh2 37. Rc6 Bf4 38. Rxh6+ Kg8 39. Rc6 Rd2+ 40. Ke4 Re2+ 41. Kd4 Rd2+ 42. Kc4 Rf2 43. d6 Bxd6 44. Rxd6 Rxf3 45. Kd5 Rf4 46. Ke5 Kh7 47. Rh6+ Kg8 48. Ra6 Kh7 49. Rh6+ Kg8 50. Rh3 1-0